|
|
|
|
| LEADER |
00914nam a2200229 a 4500 |
| 001 |
3004521 |
| 003 |
GR-PaULI |
| 005 |
20210205222450.0 |
| 008 |
930614s1992 au b 000 0 ger |
| 999 |
|
|
|c 133408
|d 133408
|
| 020 |
|
|
|a 3901160086
|
| 040 |
|
|
|a DLC
|c DLC
|b gre
|d GR-PaULI
|e AACR2
|
| 082 |
0 |
0 |
|a 370.943 6
|2 23
|
| 100 |
1 |
|
|a Posch, Peter,
|d 1938-
|9 167802
|e συγγραφέας.
|
| 245 |
1 |
0 |
|a Bildung in Österreich :
|b Analysen und Entwicklungsperspektiven /
|c Peter Posch, Herbert Altrichter ; mit Beiträgen von Michael Schratz und Ilsedore Wieser.
|
| 260 |
|
|
|a Innsbruck :
|b Österreichischer Studienverlag,
|c 1992.
|
| 300 |
|
|
|a 190 σ. ;
|c 21 εκ.
|
| 504 |
|
|
|a Περιλαμβάνει βιβλιογραφικές παραπομπές.
|
| 650 |
|
4 |
|a Εκπαίδευση
|z Αυστρία
|9 49868
|
| 700 |
|
|
|a Altrichter, Herbert
|9 39389
|e συγγραφέας.
|
| 942 |
|
|
|2 ddc
|c BK15
|
| 998 |
|
|
|c ΜΠΟΥΡΑΣ
|d 2018-03
|